00821nam a2200181 a 450000100100000000500170001000800410002702000150006804000250008308200150010810000270012324501060015026001240025630000340038049000970041450400310051183000970054200004188420201002035818.0131021s2000 sp a 000 0 spa d a8400079981 aDO-SdBNPbspacBNPHU axxxbA352t1 aAlcina Franch, José.10aTemazcalli :bhigiene, terapéutica, obstetricia y ritual en el nuevo mundo /cJosé Alcina Franch. aSevilla :bEscuela de Estudios Hispano-Americanos de Sevilla, Consejo Superior de Investigaciones Científicas,c2000. a241 p. :bil., maps ;c20 cm.1 aPublicaciones de la escuela de estudios hispano-americanos de la Universidad de Sevillav403 aBibliografía: p. 313-341 0aPublicaciones de la escuela de estudios hispano-americanos de la Universidad de Sevillan403